Регионална библиотека "Любен Каравелов" - Русе

Красавицата и Звяра (Запис номер 371449)

MARC детайли
000 -Лидер
Контролно поле с фиксирана дължина 01259nam a2200313 a 4500
003 - Код на организацията, давaща контролен номер
Контролно поле BLK
005 - Дата и час на последна редакция
Контролно поле 20240228124437.0
008 - Елементи от данни с фиксирана дължина
fixed length control field 200629b bu ||||| |||| 00| 0 bu d
020 ## - Международен стандартен номер на книга ISBN
Международен стандартен номер на книга ISBN 9786197055634
040 ## - Източник на каталожния запис
Идентификатор на билиотеката - собственик на записа BLK
041 ## - Код за език
Код за езика на текст/звукозапис или на отделно заглавие Български
Код за езика КДБФ Български
080 ## - УДК
Текстов определител УДК Френска литература
УДК код - определител по УДК 821.133.1
УДК определител -93
УДК - код + определител 821.133.1-93
100 ## - Редна дума - Автор
R(LIN) 421
Автор Дютей, Жюли
Авторска отговорност адапт.
139 ## - Редно поле
Редна дума Дютей, Жюли
Авторски знак Дю - Д 97
245 ## - Сведения за заглавието
Заглавие Красавицата и Звяра
Подзаглавни данни [По] Жан-Mари Льопренс дьо Бомон
Редно поле (дума) адапт. Жюли Дютей ; ил. Габриел Пачеко ; прев. Емилия Л. Масларова.
260 ## - Област на издателските данни
9 (RLIN) 210561
Място на издаване, разпространение и проч. София
Име на издателя, разпространителя и проч. Лабиринт
Година на издаване 2019
Печатница София : Симолини 94
Издателство - префикс ISBN 978-619-7055- ; 5-87604-
300 ## - Физическа характеристика
Страници 32 с.
Илюстрации и др. с цв. ил.
Размери/Мащаб 25 см
380 ## - Жанр
Жанр Детска худож. лит.
500 ## - Общи забележки
Забележка Ориг. загл.: La Belle et la Bete / Jean-Marie Leprince de Beaumont
700 ## - Други автори (авторска отговорност)
9 (RLIN) 459828
Лично име Пачеко, Габриел
Автороска отговорност (Описва отношението между автора и произведението) ил.
700 ## - Други автори (авторска отговорност)
Лично име Масларова, Емилия Любенова
Дати, свързани с автора 1956-
9 (RLIN) 363911
852 ## - Местоположение
Форматна сигнатура Цб 299515
856 ## - Електронен адрес и достъп
Инструкция (цена за достъп) 0.00
Права за достъп disable
999 ## - СИСТЕМНИ КОНТРОЛНИ НОМЕРА
Koha biblionumber 371449
Koha biblioitemnumber 371449
942 ## - АРТИКУЛИ
Вид на библиотечния материал Книги
Скрит в OPAC Не
Периодичен библиозапис Да
Koha issues (borrowed), all copies 5
944 ## - СЪЗДАВАНЕ И РЕДАКЦИЯ на ЗАПИСА
Създаване/Редакция Създаване
Дата на регистрацията/редакция 2020-06-29
Служител, извършил регистрацията/редакцията 30537
Статус, дата на статуса Грета Цуфелде
999 ## - СИСТЕМНИ КОНТРОЛНИ НОМЕРА
Koha biblioitemnumber 371449
999 ## - СИСТЕМНИ КОНТРОЛНИ НОМЕРА
Koha biblioitemnumber 371449
999 ## - СИСТЕМНИ КОНТРОЛНИ НОМЕРА
Koha biblioitemnumber 371449
Наличности
Код за отписване Код за изгубен артикул Източник на класификационната схема Код за повреда Код за отдаване Артикулен № Име на библиотеката - собственик Име на библиотеката, в която се намира в момента Статус (Текущо местоположение) Дата на вписване в системата Местоположение - отдел Цена в лева Систематично азбучна сигнатура Баркод Цена в евро Служебен тип на артикула Коз за рестрикции
  Не е изгубен Universal Decimal Classification Не е повреден ползва се в читалня 780990 Регионална библиотека "Любен Каравелов" Русе Регионална библиотека "Любен Каравелов" Русе Хранилище 2020-07-06 Хранилище 16.90 Цб 299515 120000844203 8.64 Книги  
  Не е изгубен Universal Decimal Classification Не е повреден заемане за дома 917479 Регионална библиотека "Любен Каравелов" Русе Регионална библиотека "Любен Каравелов" Русе Детски отдел 2022-12-09 Детски отдел 12.68 821-93/Д 97 Ж 120000879205 6.48 Книги без рестрикции
  Не е изгубен Universal Decimal Classification Не е повреден заемане за дома 917480 Регионална библиотека "Любен Каравелов" Русе Регионална библиотека "Любен Каравелов" Русе Детски отдел 2022-12-09 Детски отдел 12.68 821-93/Д 97 Ж 120000879204 6.48 Книги без рестрикции
Vip Innovations Ltd, Rousse, Bulgaria 2025